Quel réalisateur a réalisé ces films (moyen) - Statistiques

Statistiques générales
  • Ce quiz a été pris 144 fois
  • Le résultat moyen est 7 sur 10
Statistiques - réponses
Question Réponse % Correct
Fight club David Fincher
94%
Usual suspects Bryan Singer
89%
Gladiator Ridley Scott
89%
Les gardiens de la galaxie James Gunn
83%
Star Wars 5 Irvin Kershner
78%
Matrix Lana Wachowski
72%
Retour vers le futur Robert Zemeckis
72%
300 Zack Snyder
56%
Les évadés Frank Darabont
44%
Predator John Mc Tiernan
33%
Aucun quiz correspondant
Distribution des résultats
% des personnes avec chaque résultat
Percentile par nombre de réponses
Votre historique - résultats
Vous n’avez pas pris ce quiz